00275nam a22001097a 4500020001500000082001600015100002200031245003400053260005500087300000900142650001400151 a9559126008 a615.908 FER aFernando,Ravindra aManagement of Acute Poisoning aColombobNational Poisons Information Centerc1991 a226p apoisoning